The Flag of Russia Timeline Map Quiz - Statistics

General Stats
  • This quiz has been taken 1,336 times
  • The average score is 3 of 6
Answers on the Map
Answers color-coded by a green-red scale on the quiz's map according to % correct below.
 
Answer Stats
Answer % Correct
Russian Empire, Russia
77%
Russian SFSR
68%
Russian Empire
61%
Tsardom of Russia
51%
Russian SFSR
47%
Russian SFSR
36%
No matching quizzes found
Score Distribution
Percent of People with Each Score
Percentile by Number Answered
Your Score History
You have not taken this quiz